书目信息 |
| 题名: |
基础手语
|
|
| 作者: | 史玉凤 , 韩梅 编著 | |
| 分册: | ||
| 出版信息: | 南京 南京师范大学出版社 2016.08 |
|
| 页数: | 187页 | |
| 开本: | 26cm | |
| 丛书名: | ||
| 单 册: | ||
| 中图分类: | H026.3 | |
| 科图分类: | ||
| 主题词: | 手势语--特殊教育--教材 | |
| 电子资源: | ||
| ISBN: | 978-7-5651-2769-4 | |
| 000 | 01018nam0 2200265 450 | |
| 001 | 0108153911 | |
| 005 | 20210308154403.0 | |
| 010 | @a978-7-5651-2769-4@dCNY35.00 | |
| 100 | @a20181129e20202016em y0chiy50 ea | |
| 101 | 0 | @achi |
| 102 | @aCN@b320000 | |
| 105 | @aa z 000yy | |
| 106 | @ar | |
| 200 | 1 | @a基础手语@Aji chu shou yu@f史玉凤, 韩梅编著 |
| 210 | @a南京@c南京师范大学出版社@d2016.08@h2020.09 | |
| 215 | @a187页@c图@d26cm@e1光盘 | |
| 300 | @a21世纪特殊教育精品规划教材 | |
| 307 | @a附光盘:ISBN 978-7-88441-112-2 | |
| 330 | @a本书主要分为两个大的板块:一是理论部分,内容包括手语的基本理论和表达特点、手语词汇的设计原则与方式、手语故事与手语歌曲的创编方法和技巧;二是技能实践部分,主要包括手指语、手势语词汇和句子、手语会话练习、手语翻译,以培养学生实践性、创新型、双语转换的意识和能力等。 | |
| 606 | 0 | @a手势语@x特殊教育@j教材 |
| 690 | @aH026.3@v5 | |
| 701 | 0 | @a史玉凤@Ashi yu feng@4编著 |
| 701 | 0 | @a韩梅@Ahan mei@4编著 |
| 801 | 0 | @aCN@bBJSZM@c20210308 |
| 905 | @b1272507-10@dH026.3@e528@f4 | |
| 基础手语/史玉凤, 韩梅编著.-南京:南京师范大学出版社,2016.08(2020.09) |
| 187页:图;26cm+1光盘 |
| 21世纪特殊教育精品规划教材 |
| ISBN 978-7-5651-2769-4:CNY35.00 |
| 本书主要分为两个大的板块:一是理论部分,内容包括手语的基本理论和表达特点、手语词汇的设计原则与方式、手语故事与手语歌曲的创编方法和技巧;二是技能实践部分,主要包括手指语、手势语词汇和句子、手语会话练习、手语翻译,以培养学生实践性、创新型、双语转换的意识和能力等。 |
| ● |
| 相关链接 |
|
|
|
|
正题名:基础手语
索取号:H026.3/528
 
预约/预借
| 序号 | 登录号 | 条形码 | 馆藏地/架位号 | 状态 | 备注 |
| 1 | 1272507 | 212725078 | 第二样本阅览室/ [索取号:H026.3/528] | 在馆 | |
| 2 | 1272508 | 212725087 | 教育系资料室/ [索取号:H026.3/528] | 在馆 | |
| 3 | 1272509 | 212725096 | 教育系资料室/ [索取号:H026.3/528] | 在馆 | |
| 4 | 1272510 | 212725103 | 第四借阅区/ [索取号:H026.3/528] | 在馆 |